<?xml version="1.0" encoding="UTF-8"?>
<record
    xmlns:xsi="http://www.w3.org/2001/XMLSchema-instance"
    xsi:schemaLocation="http://www.loc.gov/MARC21/slim http://www.loc.gov/standards/marcxml/schema/MARC21slim.xsd"
    xmlns="http://www.loc.gov/MARC21/slim">

  <leader>01096nam a2200253 a 4500</leader>
  <controlfield tag="005">20240514125603.0</controlfield>
  <controlfield tag="008">101001s2005||||sp a   f |||| 001 0 spa d</controlfield>
  <datafield tag="020" ind1=" " ind2=" ">
    <subfield code="a">8445813161</subfield>
  </datafield>
  <datafield tag="041" ind1=" " ind2=" ">
    <subfield code="a">spa</subfield>
  </datafield>
  <datafield tag="092" ind1=" " ind2=" ">
    <subfield code="c">611</subfield>
    <subfield code="l">75</subfield>
    <subfield code="s">ROU</subfield>
  </datafield>
  <datafield tag="100" ind1="1" ind2=" ">
    <subfield code="a">Rouviere, Henri</subfield>
    <subfield code="9">74</subfield>
  </datafield>
  <datafield tag="245" ind1=" " ind2=" ">
    <subfield code="a">Anatom&#xED;a Humana. Descriptiva, topogr&#xE1;fica y funcional.</subfield>
    <subfield code="b">T.4 Sistema Nervioso Central, Vias y Centros Nerviosos /</subfield>
    <subfield code="c">Henri Rouviere.</subfield>
  </datafield>
  <datafield tag="250" ind1=" " ind2=" ">
    <subfield code="a">11a ed. en espa&#xF1;ol </subfield>
    <subfield code="b">Traducci&#xF3;n Victor G&#xF6;tzens Garc&#xED;a. Edici&#xF3;n revisada por Vincent Delmas</subfield>
  </datafield>
  <datafield tag="260" ind1=" " ind2=" ">
    <subfield code="a">Barcelona: </subfield>
    <subfield code="b">Masson;</subfield>
    <subfield code="c">2005.</subfield>
  </datafield>
  <datafield tag="300" ind1=" " ind2=" ">
    <subfield code="a">408 p.</subfield>
    <subfield code="b">il.</subfield>
  </datafield>
  <datafield tag="500" ind1=" " ind2=" ">
    <subfield code="a">Rouviere, H. y Delmas, A. (2005). Anatom&#xED;a Humana. Descriptiva, topogr&#xE1;fica y funcional. T.4 Sistema Nervioso Central, v&#xED;as y centros nerviosos. (11a ed.). Barcelona : Masson.</subfield>
  </datafield>
  <datafield tag="653" ind1=" " ind2=" ">
    <subfield code="a">Anatom&#xED;a descriptiva del sistema nervioso central</subfield>
  </datafield>
  <datafield tag="653" ind1=" " ind2=" ">
    <subfield code="a">Sistema nervioso aut&#xF3;nomo</subfield>
  </datafield>
  <datafield tag="653" ind1=" " ind2=" ">
    <subfield code="a">Meninges y vasos del sistema nervioso central</subfield>
  </datafield>
  <datafield tag="653" ind1=" " ind2=" ">
    <subfield code="a">Anatom&#xED;a funcional del sistema nervioso central</subfield>
  </datafield>
  <datafield tag="700" ind1="1" ind2=" ">
    <subfield code="a">Delmas, Andr&#xE9;</subfield>
    <subfield code="9">1802</subfield>
  </datafield>
  <datafield tag="930" ind1=" " ind2=" ">
    <subfield code="a">2615</subfield>
  </datafield>
  <datafield tag="942" ind1=" " ind2=" ">
    <subfield code="2">ddc</subfield>
    <subfield code="c">BK</subfield>
    <subfield code="0">1</subfield>
  </datafield>
  <datafield tag="999" ind1=" " ind2=" ">
    <subfield code="c">1092</subfield>
    <subfield code="d">1092</subfield>
  </datafield>
  <datafield tag="952" ind1=" " ind2=" ">
    <subfield code="0">0</subfield>
    <subfield code="1">0</subfield>
    <subfield code="2">ddc</subfield>
    <subfield code="4">0</subfield>
    <subfield code="7">0</subfield>
    <subfield code="a">BFM</subfield>
    <subfield code="b">BFM</subfield>
    <subfield code="c">CR</subfield>
    <subfield code="d">2012-08-03</subfield>
    <subfield code="e">Donaci&#xF3;n Editorial, Julio 2012</subfield>
    <subfield code="l">66</subfield>
    <subfield code="m">6</subfield>
    <subfield code="o">611 75 ROU</subfield>
    <subfield code="p">2615</subfield>
    <subfield code="r">2024-11-22</subfield>
    <subfield code="s">2024-11-11</subfield>
    <subfield code="t">Ej.3</subfield>
    <subfield code="w">2012-08-03</subfield>
    <subfield code="y">BK</subfield>
    <subfield code="z">Ejemplar entregado en reemplazado de inv. 2615 (devuelto manchado) por Bernardita Buffoni (9/11/2015), Donaci&#xF3;n Editorial, Julio 2012</subfield>
  </datafield>
  <datafield tag="952" ind1=" " ind2=" ">
    <subfield code="0">0</subfield>
    <subfield code="1">0</subfield>
    <subfield code="2">ddc</subfield>
    <subfield code="4">0</subfield>
    <subfield code="7">0</subfield>
    <subfield code="8">NFIC</subfield>
    <subfield code="a">BFM</subfield>
    <subfield code="b">BFM</subfield>
    <subfield code="c">CR</subfield>
    <subfield code="d">2013-07-26</subfield>
    <subfield code="e">PROMED</subfield>
    <subfield code="g">537.50</subfield>
    <subfield code="l">39</subfield>
    <subfield code="m">5</subfield>
    <subfield code="o">611 75 ROU</subfield>
    <subfield code="p">3000</subfield>
    <subfield code="r">2024-10-14</subfield>
    <subfield code="s">2024-10-07</subfield>
    <subfield code="t">Ej. 4</subfield>
    <subfield code="w">2013-07-26</subfield>
    <subfield code="y">BK</subfield>
    <subfield code="z">PROMED 2do a&#xF1;o</subfield>
  </datafield>
  <datafield tag="952" ind1=" " ind2=" ">
    <subfield code="0">0</subfield>
    <subfield code="1">0</subfield>
    <subfield code="2">ddc</subfield>
    <subfield code="4">0</subfield>
    <subfield code="7">0</subfield>
    <subfield code="8">NFIC</subfield>
    <subfield code="a">BFM</subfield>
    <subfield code="b">BFM</subfield>
    <subfield code="c">CR</subfield>
    <subfield code="d">2013-07-26</subfield>
    <subfield code="e">PROMED</subfield>
    <subfield code="g">537.50</subfield>
    <subfield code="l">41</subfield>
    <subfield code="m">6</subfield>
    <subfield code="o">611 75 ROU</subfield>
    <subfield code="p">3001</subfield>
    <subfield code="r">2025-10-20</subfield>
    <subfield code="s">2025-10-13</subfield>
    <subfield code="t">Ej. 5</subfield>
    <subfield code="w">2013-07-26</subfield>
    <subfield code="y">BK</subfield>
    <subfield code="z">PROMED 2do a&#xF1;o</subfield>
  </datafield>
  <datafield tag="952" ind1=" " ind2=" ">
    <subfield code="0">0</subfield>
    <subfield code="1">0</subfield>
    <subfield code="2">ddc</subfield>
    <subfield code="4">0</subfield>
    <subfield code="7">0</subfield>
    <subfield code="8">NFIC</subfield>
    <subfield code="a">BFM</subfield>
    <subfield code="b">BFM</subfield>
    <subfield code="c">CR</subfield>
    <subfield code="d">2013-07-26</subfield>
    <subfield code="e">PROMED</subfield>
    <subfield code="g">537.50</subfield>
    <subfield code="l">33</subfield>
    <subfield code="m">2</subfield>
    <subfield code="o">611 75 ROU</subfield>
    <subfield code="p">3002</subfield>
    <subfield code="r">2024-10-15</subfield>
    <subfield code="s">2024-10-08</subfield>
    <subfield code="t">Ej. 6</subfield>
    <subfield code="w">2013-07-26</subfield>
    <subfield code="y">BK</subfield>
    <subfield code="z">PROMED 2do a&#xF1;o</subfield>
  </datafield>
  <datafield tag="952" ind1=" " ind2=" ">
    <subfield code="0">0</subfield>
    <subfield code="1">0</subfield>
    <subfield code="2">ddc</subfield>
    <subfield code="4">0</subfield>
    <subfield code="7">0</subfield>
    <subfield code="a">BFM</subfield>
    <subfield code="b">BFM</subfield>
    <subfield code="c">CR</subfield>
    <subfield code="d">2019-08-02</subfield>
    <subfield code="e">Compra UNComa, Julio 2019</subfield>
    <subfield code="l">12</subfield>
    <subfield code="m">1</subfield>
    <subfield code="o">611 75 ROU</subfield>
    <subfield code="p">4531</subfield>
    <subfield code="r">2025-10-08</subfield>
    <subfield code="s">2025-10-01</subfield>
    <subfield code="t">Ej.7</subfield>
    <subfield code="w">2019-08-02</subfield>
    <subfield code="y">BK</subfield>
    <subfield code="z">Compra UNComa, Julio 2019</subfield>
  </datafield>
  <datafield tag="952" ind1=" " ind2=" ">
    <subfield code="0">0</subfield>
    <subfield code="1">0</subfield>
    <subfield code="2">ddc</subfield>
    <subfield code="4">0</subfield>
    <subfield code="7">0</subfield>
    <subfield code="a">BFM</subfield>
    <subfield code="b">BFM</subfield>
    <subfield code="c">CR</subfield>
    <subfield code="d">2019-08-02</subfield>
    <subfield code="e">Compra UNComa, Julio 2019</subfield>
    <subfield code="l">13</subfield>
    <subfield code="m">1</subfield>
    <subfield code="o">611 75 ROU</subfield>
    <subfield code="p">4532</subfield>
    <subfield code="r">2025-11-04</subfield>
    <subfield code="s">2025-10-28</subfield>
    <subfield code="t">Ej.8</subfield>
    <subfield code="w">2019-08-02</subfield>
    <subfield code="y">BK</subfield>
    <subfield code="z">Compra UNComa, Julio 2019</subfield>
  </datafield>
  <datafield tag="952" ind1=" " ind2=" ">
    <subfield code="0">0</subfield>
    <subfield code="1">0</subfield>
    <subfield code="2">ddc</subfield>
    <subfield code="4">0</subfield>
    <subfield code="7">0</subfield>
    <subfield code="a">BFM</subfield>
    <subfield code="b">BFM</subfield>
    <subfield code="c">CR</subfield>
    <subfield code="d">2019-08-02</subfield>
    <subfield code="e">Compra UNComa, Julio 2019</subfield>
    <subfield code="l">8</subfield>
    <subfield code="m">4</subfield>
    <subfield code="o">611 75 ROU</subfield>
    <subfield code="p">4533</subfield>
    <subfield code="r">2024-10-15</subfield>
    <subfield code="s">2024-10-04</subfield>
    <subfield code="t">Ej.9</subfield>
    <subfield code="w">2019-08-02</subfield>
    <subfield code="y">BK</subfield>
    <subfield code="z">Compra UNComa, Julio 2019</subfield>
  </datafield>
  <datafield tag="952" ind1=" " ind2=" ">
    <subfield code="0">0</subfield>
    <subfield code="1">0</subfield>
    <subfield code="2">ddc</subfield>
    <subfield code="4">0</subfield>
    <subfield code="7">0</subfield>
    <subfield code="a">BFM</subfield>
    <subfield code="b">BFM</subfield>
    <subfield code="c">CR</subfield>
    <subfield code="d">2019-08-02</subfield>
    <subfield code="e">Compra UNComa, Julio 2019</subfield>
    <subfield code="l">8</subfield>
    <subfield code="m">1</subfield>
    <subfield code="o">611 75 ROU</subfield>
    <subfield code="p">4534</subfield>
    <subfield code="r">2024-11-04</subfield>
    <subfield code="s">2024-10-28</subfield>
    <subfield code="t">Ej.10</subfield>
    <subfield code="w">2019-08-02</subfield>
    <subfield code="y">BK</subfield>
    <subfield code="z">Compra UNComa, Julio 2019</subfield>
  </datafield>
  <datafield tag="952" ind1=" " ind2=" ">
    <subfield code="0">0</subfield>
    <subfield code="1">0</subfield>
    <subfield code="2">ddc</subfield>
    <subfield code="4">0</subfield>
    <subfield code="7">0</subfield>
    <subfield code="a">BFM</subfield>
    <subfield code="b">BFM</subfield>
    <subfield code="c">CR</subfield>
    <subfield code="d">2019-08-02</subfield>
    <subfield code="e">Compra UNComa, Julio 2019</subfield>
    <subfield code="l">13</subfield>
    <subfield code="m">2</subfield>
    <subfield code="o">611 75 ROU</subfield>
    <subfield code="p">4535</subfield>
    <subfield code="r">2024-12-05</subfield>
    <subfield code="s">2024-11-20</subfield>
    <subfield code="t">Ej.11</subfield>
    <subfield code="w">2019-08-02</subfield>
    <subfield code="y">BK</subfield>
    <subfield code="z">Compra UNComa, Julio 2019</subfield>
  </datafield>
</record>
